| 000 | 00713nam a22002177a 4500 | ||
|---|---|---|---|
| 005 | 20230420095458.0 | ||
| 008 | 230420b ||||| |||| 00| 0 eng d | ||
| 020 | _a9781484276983 | ||
| 040 | _cAIMIT LIBRARY | ||
| 082 | _22 | ||
| 100 |
_aGunasekera, Sheran. _990777 |
||
| 245 |
_aAndroid apps security : _bmitigate hacking attacks and security breaches / _cBy Sheran Gunasekera. |
||
| 250 | _a2nd ed. | ||
| 260 |
_aNew York: _bApress, _c2023. |
||
| 300 |
_axv,294p. ; _b25 cm. _cPB |
||
| 650 |
_aRecap of secure development principles _990778 |
||
| 650 |
_aApp licensing and safetynet _990779 |
||
| 650 | _2Rooting your android device | ||
| 650 | _2Hacking your app | ||
| 942 |
_2ddc _cBK _e2nd _k621.3821 GUNS |
||
| 999 |
_c227219 _d227219 |
||